Los sistemas de derecho de tradición civilista en predicamento. La respuesta francesa a los informes doing business del Banco Mundial.
محفوظ في:
| مؤلف مشترك: | |
|---|---|
| مؤلفون آخرون: | |
| التنسيق: | كتاب |
| اللغة: | الإنجليزية |
| منشور في: |
México, D.F., México:
Instituto de Investigaciones Jurídicas, Universidad Nacional Autónoma de México (UNAM),
2006.
|
| الطبعة: | Primera edición. |
| الموضوعات: | |
| الوسوم: |
إضافة وسم
لا توجد وسوم, كن أول من يضع وسما على هذه التسجيلة!
|
MARC
| LEADER | 00000nam a22000007a 4500 | ||
|---|---|---|---|
| 003 | CL-VaPUC | ||
| 005 | 20220822114419.0 | ||
| 008 | 220216t2006 ||||| |||| 00| 0 eng d | ||
| 999 | |c 434436 |d 434434 | ||
| 020 | |a 970-32-3796-7 | ||
| 040 | |c Pontificia Universidad Católica de Valparaíso | ||
| 082 | |a 340.2 ASO 2006 |2 22 | ||
| 110 | |a Asociación Henri Capitant de los Amigos de la Cultura Jurídica Francesa |9 866218 | ||
| 245 | |a Los sistemas de derecho de tradición civilista en predicamento. |b La respuesta francesa a los informes doing business del Banco Mundial. | ||
| 250 | |a Primera edición. | ||
| 260 | |a México, D.F., México: |b Instituto de Investigaciones Jurídicas, |b Universidad Nacional Autónoma de México (UNAM), |c 2006. | ||
| 300 | |a XXIII, 245 páginas. | ||
| 500 | |a c.1 Donación Familia Prof. Alejandro Guzmán Brito. | ||
| 583 | |c 20220216 |k Yessy Stephany Diaz Vidal | ||
| 650 | 0 | |a Derecho comparado |9 255664 | |
| 650 | 0 | |a Derecho civil |x Sistemas |9 866219 | |
| 650 | 0 | |a Derecho internacional privado |9 256361 | |
| 700 | |a Sánchez Cordero, Jorge |e traducción |e edición |9 866220 | ||
| 942 | |2 ddc |c BK |n 0 | ||
| 952 | |0 0 |1 0 |2 ddc |4 0 |6 340_200000000000000_ASO_2006 |7 1 |8 C_AGB |9 581312 |a BIBDER |b BIBDER |d 2022-02-16 |e Donación |i 5646588 |o 340.2 ASO 2006 |p 5646588 |r 2023-01-25 |t 1 |w 2022-02-16 |y BK_US |k AGB | ||